01114 2200433 4500001002100000005001500021035002000036007000300056040001700059100002600076245003600102250001800138300002800156504002500184020002200209041000800231082000800239084001400247090002100261264003500282336002100317337003000338338002300368650001600391850001000407008004100417990001800458990002100476990001800497990001800515990001800533990001800551990002100569990001800590990001800608990001800626990001800644990001800662INLIS00000000000487520260516091358 a0010-0122000507ta aSPPUPADbind0 aAbu AhmadiePengarang1 aIlmu Sosial Dasar /cAbu Ahmadi aEd rev, Cet 5 axi, 362 hal. ;c20,5 cm abibliografi, 357 hlm a978-979-518-187-3 aind a301 a301 ABU i a2x4.3 ABD p 2-17 aJakarta :bRineka Cipta,c2009 2rdacontentaTeks 2rdamediaaTanpa Perantara 2rdacarrieraVolume 4aIlmu Sosial aPUPAD260516 0  a14327/BR/2014 a170/BR/KAPD/2011 a18517/BR/2013 a14328/BR/2014 a18518/BR/2013 a18516/BR/2013 a171/BR/KAPD/2011 a14329/Br-2014 a14329/Br-2014 a18515/BR/2013 a18516/BR/2013 a18517/BR/2013